Catalog

Record Details

Catalog Search



Viktimologie pro forenzní praxi  Cover Image Book Book

Viktimologie pro forenzní praxi / Ludmila Čírtková

Record details

  • ISBN: 978-80-262-0582-1 (brož.)
  • Physical Description: 158 s. : il. ; 23 cm
  • Edition: Vyd. 1.
  • Publisher: Praha : Portál, 2014

Content descriptions

Bibliography, etc. Note:
Obsahuje bibliografii a rejstřík
Language Note:
Anglické resumé
Subject: viktimologie
oběti trestných činů > psychologické aspekty
victimology
victims of crimes > psychological aspects
Genre: monografie
monographs

Available copies

  • 1 of 1 copy available at Common Catalog SPOK.

Holds

  • 0 current holds with 1 total copy.
Show Only Available Copies
Location Call Number / Copy Notes Barcode Shelving Location Status Due Date
Jabok Library Soc-7.6/Č 424480035790 Odborná literatura Available -

LDR 01269nam a2200409 a 4500
00119138
003CZ-PrJAB
00520141202134217.0
007ta
008131209s2014 xr a e 001 0 cze
015 . ‡acnb002534384
020 . ‡a978-80-262-0582-1 (brož.)
035 . ‡a(CZ PrNK)nkc20132534384
035 . ‡a(OCoLC)879564165
040 . ‡aABA001 ‡bcze ‡dOLA001
0410 . ‡acze ‡beng
072 7. ‡a343.97 ‡xKriminologie ‡2Konspekt ‡918
080 . ‡a343.988 ‡2MRF
080 . ‡a343.3/.7-058.6 ‡2MRF
080 . ‡a159.9 ‡2MRF
080 . ‡a(048.8) ‡2MRF
1001 . ‡aČírtková, Ludmila, ‡d1954- ‡7jo20000075563 ‡4aut
24510. ‡aViktimologie pro forenzní praxi / ‡cLudmila Čírtková
250 . ‡aVyd. 1.
260 . ‡aPraha : ‡bPortál, ‡c2014
300 . ‡a158 s. : ‡bil. ; ‡c23 cm
504 . ‡aObsahuje bibliografii a rejstřík
546 . ‡aAnglické resumé
65007. ‡aviktimologie ‡7ph172918 ‡2czenas
65007. ‡aoběti trestných činů ‡7ph115541 ‡xpsychologické aspekty ‡2czenas
65009. ‡avictimology ‡2eczenas
65009. ‡avictims of crimes ‡xpsychological aspects ‡2eczenas
6530 . ‡akriminologie
655 7. ‡amonografie ‡7fd132842 ‡2czenas
655 9. ‡amonographs ‡2eczenas
910 . ‡aABG312
9281 . ‡aPortál
901 . ‡a19138 ‡b ‡c19138 ‡tbiblio

Additional Resources